Общие и частные вопросы медицинской профилактики (Запись № 11800221)
[ простой вид ]
| 000 -МАРКЕР | |
|---|---|
| контрольное поле | 01475nam0a2200313 4500 |
| 001 - ИДЕНТИФИКАТОР ЗАПИСИ | |
| контрольное поле | RU\NLR\BIBL_A\011785832 |
| 005 - ИДЕНТИФИКАТОР ВЕРСИИ | |
| контрольное поле | 20180920125149.0 |
| 010 ## - МЕЖДУНАРОДНЫЙ СТАНДАРТНЫЙ НОМЕР КНИГИ (ISBN) | |
| Номер (ISBN) | 978-5-9704-4575-4 |
| Тираж | 300 |
| 021 ## - НОМЕР ГОСУДАРСТВЕННОЙ РЕГИСТРАЦИИ | |
| Код страны | Российская Федерация |
| Номер | КН-П-18-056974 |
| Номер Листа государственной регистраци | КН-П-18-4107 |
| 035 ## - ДРУГИЕ СИСТЕМНЫЕ НОМЕРА | |
| Идентификатор записи | (NLR Aleph) 011785832 |
| 035 ## - ДРУГИЕ СИСТЕМНЫЕ НОМЕРА | |
| Идентификатор записи | (RuMoRGB)009707854 |
| 100 ## - ДАННЫЕ ОБЩЕЙ ОБРАБОТКИ | |
| Данные общей обработки | 20180911d2018 u y0rusy50 ca |
| 101 0# - ЯЗЫК РЕСУРСА | |
| Язык текста, звукозаписи и т.д. | русский |
| 102 ## - СТРАНА ПУБЛИКАЦИИ ИЛИ ПРОИЗВОДСТВА | |
| Страна публикации | Российская Федерация |
| 105 ## - ПОЛЕ КОДИРОВАННЫХ ДАННЫХ: ТЕКСТОВЫЕ МАТЕРИАЛЫ, МОНОГРАФИЧЕСКИЕ | |
| Кодированные данные о монографическом текстовом документе | a|||j|||000zy |
| 200 1# - ЗАГЛАВИЕ И СВЕДЕНИЯ ОБ ОТВЕТСТВЕННОСТИ | |
| Основное заглавие | Общие и частные вопросы медицинской профилактики |
| Сведения, относящиеся к заглавию | [руководство |
| Первые сведения об ответственности | Амлаев К.Р., д.м.н., проф. и др.] |
| Последующие сведения об ответственности | под редакцией доктора медицинских наук, профессора К.Р. Амлаева, доктора медицинских наук, профессора В.Н. Муравьевой |
| 210 ## - ПУБЛИКАЦИЯ, РАСПРОСТРАНЕНИЕ И ДР. | |
| Место издания, распространения и т.д. | Москва |
| Имя издателя, распространителя и т. д. | ГЭОТАР-Медиа |
| Дата издания, распространения и т.д. | 2018 |
| 215 ## - ФИЗИЧЕСКАЯ ХАРАКТЕРИСТИКА | |
| Специфическое обозначение материала и объем | 512 с. |
| Другие сведения о физической характеристике | ил., табл. |
| Размеры | 22 |
| 320 ## - ПРИМЕЧАНИЯ О НАЛИЧИИ В ДОКУМЕНТЕ БИБЛИОГРАФИИ / УКАЗАТЕЛЯ | |
| Текст примечания | Библиогр.: с. 421-474 (1036 назв.) |
| 606 1# - НАИМЕНОВАНИЕ ТЕМЫ КАК ПРЕДМЕТ | |
| Наименование темы | Профилактическая медицина |
| Формальный подзаголовок | Руководства, пособия и т.п |
| Код системы | nlr_sh1 |
| -- | nlr_sh2 |
| Идентификатор авторитетной/нормативной записи | RU\NLR\AUTH\66380517 |
| 686 1# - ИНДЕКСЫ ДРУГИХ КЛАССИФИКАЦИЙ | |
| Индекс | Р11(2)2я7 |
| 686 1# - ИНДЕКСЫ ДРУГИХ КЛАССИФИКАЦИЙ | |
| Индекс | Р41-8я7 |
| 702 #1 - ИМЯ ЛИЦА - ВТОРИЧНАЯ ОТВЕТСТВЕННОСТЬ | |
| Начальный элемент ввода | Амлаев |
| Часть имени, кроме начального элемента ввода | К. Р. |
| Даты | 1967- |
| Расширение инициалов личного имени | Карэн Робертович |
| Идентификатор авторитетной/нормативной записи | RU\NLR\AUTH\770188942 |
| Код отношения | Составитель |
| 942 ## - ДОПОЛНИТЕЛЬНЫЕ ЭЛЕМЕНТЫ ЗАПИСИ (АБИС) | |
| Тип экземпляра АБИС | Книга |
| 980 ## - КОЛЛЕКЦИЯ | |
| Название коллекции | НБР |
| 980 ## - КОЛЛЕКЦИЯ | |
| Название коллекции | Национальная библиография |
Нет доступных экземпляров.